书目信息 |
| 题名: |
花鸟画技法
|
|
| 作者: | 张重梅 著 | |
| 分册: | ||
| 出版信息: | 北京 文化艺术出版社 1986 |
|
| 页数: | 311页 | |
| 开本: | ||
| 丛书名: | ||
| 单 册: | ||
| 中图分类: | J212.27 , J21 | |
| 科图分类: | ||
| 主题词: | 花鸟画-技法(美术) , 技法(美术)-花鸟画 | |
| 电子资源: | ||
| ISBN: | ||
| 000 | 00637nam0 2200253 45 | |
| 001 | 1534434292 | |
| 005 | 20150131093455.26 | |
| 010 | @dCNY3.35 | |
| 091 | @aCN@b8228.129 | |
| 100 | @a19900813d1986 em y0chiy0121 ea | |
| 101 | 0 | @achi |
| 102 | @aCN@b110000 | |
| 105 | @ay z 000yy | |
| 200 | 10 | @a花鸟画技法@Ahua niao hua ji fa@f张重梅著 |
| 210 | @a北京@c文化艺术出版社@d1986 | |
| 215 | @a311页 | |
| 606 | @a花鸟画-技法(美术) | |
| 606 | @a技法(美术)-花鸟画 | |
| 690 | @aJ212.27@v3 | |
| 690 | @aJ21@v4 | |
| 701 | 0 | @a张重梅@Azhang chong mei@4著 |
| 801 | 0 | @aCN@bTSSF@c20150131 |
| 801 | 2 | @aCN@bNLC |
| 905 | @aZUCC@dJ21@eJY80 | |
| 花鸟画技法/张重梅著.-北京:文化艺术出版社,1986 |
| 311页 |
| ISBN :CNY3.35 |
| ● |
| 相关链接 |
|
|
|
|
正题名:花鸟画技法
索取号:J21/JY80
 
预约/预借
| 序号 | 登录号 | 条形码 | 馆藏地/架位号 | 状态 | 备注 |
| 1 | 7862337 | 278623376 | 学院路分馆/ [索取号:J21/JY80] | 在馆 |